Rozvoj cestovného ruchu vo vybranej lokalite Slovenska bakalárska práca

Salvato in:
Dettagli Bibliografici
Autore principale: Szenderáková, Miroslava
Ente Autore: Obchodná fakulta EU. Katedra služieb a cestovného ruchu - zrušené
Altri autori: Valenteová, Katarína
Natura: Libro
Lingua:slovacco
Pubblicazione: Bratislava 2018
Tags: Aggiungi Tag
Nessun Tag, puoi essere il primo ad aggiungerne!!

MARC

LEADER 00000nbm a2200000 4500
001 0245156
005 20180906133938.5
041 0 |a slo 
044 |a SK 
245 1 0 |a Rozvoj cestovného ruchu vo vybranej lokalite Slovenska  |b bakalárska práca  |c Miroslava Szenderáková ; školiteľ: Katarína Valenteová 
264 1 |a Bratislava  |c 2018 
300 |a 61 s. 
100 1 |a Szenderáková, Miroslava 
700 1 |a Valenteová, Katarína 
710 2 |a Obchodná fakulta EU. Katedra služieb a cestovného ruchu - zrušené